[Event "EU-ch U18 Girls"]
[Site "Albena"]
[Date "2011.09.11"]
[Round "1"]
[White "Shakryan, Zozan"]
[Black "Pritchard, Abigail"]
[Result "1-0"]
[WhiteElo "2006"]
[BlackElo "1552"]
[PlyCount "69"]
[EventDate "2011.09.11"]
[EventType "swiss"]
[EventRounds "9"]
[EventCountry "BUL"]
[SourceTitle "CBM 144 Extra"]
[Source "ChessBase"]
[SourceDate "2011.10.28"]
[SourceVersion "1"]
[SourceVersionDate "2011.10.28"]
[SourceQuality "1"]

1. e4 c5 2. Nf3 d6 3. d4 cxd4 4. Nxd4 Nf6 5. Nc3 g6 6. Be2 Bg7 7. Be3 Nc6 8. f3 0-0 9. Qd2 Nxd4 10. Bxd4 Be6 11. 0-0-0 Qa5 12. Kb1 Rfc8 13. a3 Rab8 14. g4 b5 15. g5 Nd7 16. Nd5 Qd8 17. Bxa7 Rb7 18. Bd4 Bxd5 19. exd5 Qc7 20. Bxg7 Kxg7 21. h4 b4 22. Ba6 bxa3 23. Bxb7 Qxb7 24. b3 Nc5 25. Ka2 Kg8 26. Rb1 Na6 27. c3 Nc5 28. h5 Rb8 29. hxg6 fxg6 30. Qh2 e5 31. dxe6 Nxe6 32. Qxd6 Nxg5 33. Rhe1 Nxf3 34. Re7 Qc8 35. Qd5+ 1-0

[Event "Moscow Dvorkovich Cup U16 4th"]
[Site "Moscow"]
[Date "2009.06.26"]
[Round "12"]
[White "Rakhmangulova, Anastasiya"]
[Black "Shakryan, Zozan"]
[Result "1/2-1/2"]
[WhiteElo "2069"]
[BlackElo "1973"]
[PlyCount "54"]
[EventDate "2009.06.20"]
[EventType "team-tourn"]
[EventRounds "14"]
[EventCountry "RUS"]
[SourceTitle "CBM 131 Extra"]
[Source "ChessBase"]
[SourceDate "2009.09.03"]
[SourceVersion "2"]
[SourceVersionDate "2009.09.16"]
[SourceQuality "1"]

1. e4 c5 2. Nf3 d6 3. h3 Nf6 4. c3 Nc6 5. Bd3 Qc7 6. Bc2 d5 7. d3 dxe4 8. dxe4 e6 9. 0-0 Be7 10. Qe2 b6 11. Rd1 Bb7 12. Bg5 Nd7 13. Bxe7 Nxe7 14. Nbd2 0-0 15. Nf1 Ng6 16. Ng3 Nf6 17. Rd2 Rad8 18. Rad1 Bc6 19. Rxd8 Rxd8 20. Rxd8+ Qxd8 21. Qd2 Qc7 22. Kh1 h6 23. Nh2 Qb7 24. f3 Qc7 25. Ne2 Bb5 26. Ng4 Nh5 27. Nc1 Qg3 1/2-1/2

[Event "Moscow Dvorkovich Cup U16 4th"]
[Site "Moscow"]
[Date "2009.06.25"]
[Round "10"]
[White "Shakryan, Zozan"]
[Black "Stetsko, Lanita"]
[Result "1-0"]
[WhiteElo "1973"]
[BlackElo "2067"]
[PlyCount "87"]
[EventDate "2009.06.20"]
[EventType "team-tourn"]
[EventRounds "14"]
[EventCountry "RUS"]
[SourceTitle "CBM 131 Extra"]
[Source "ChessBase"]
[SourceDate "2009.09.03"]
[SourceVersion "2"]
[SourceVersionDate "2009.09.16"]
[SourceQuality "1"]

1. e4 e6 2. d4 d5 3. e5 c5 4. c3 Qb6 5. Nf3 Nc6 6. a3 a5 7. b3 Bd7 8. Be3 Nh6 9. Bd3 cxd4 10. cxd4 Nf5 11. Bxf5 exf5 12. 0-0 Be7 13. Nc3 Be6 14. Na4 Qa7 15. Qd3 0-0 16. Rfd1 Rfc8 17. Nc5 b6 18. Nxe6 fxe6 19. Qd2 Qd7 20. Rdc1 Rc7 21. Ne1 Rac8 22. Nd3 Na7 23. a4 Nc6 24. Qb2 Nb4 25. Nxb4 Bxb4 26. Bd2 Qe7 27. h3 h6 28. Rxc7 Rxc7 29. Rc1 Bxd2 30. Rxc7 Qxc7 31. Qxd2 Qc6 32. g3 Kf7 33. Qd3 g5 34. g4 Qc1+ 35. Kg2 Kg6 36. gxf5+ exf5 37. Qb5 g4 38. Qe8+ Kg5 39. Qg8+ Kf4 40. hxg4 fxg4 41. Qxd5 Qc3 42. e6 Qh3+ 43. Kg1 g3 44. Qe5+ 1-0

[Event "Moscow Dvorkovich Cup U16 4th"]
[Site "Moscow"]
[Date "2009.06.25"]
[Round "9"]
[White "Stetsko, Lanita"]
[Black "Shakryan, Zozan"]
[Result "1-0"]
[WhiteElo "2067"]
[BlackElo "1973"]
[PlyCount "93"]
[EventDate "2009.06.20"]
[EventType "team-tourn"]
[EventRounds "14"]
[EventCountry "RUS"]
[SourceTitle "CBM 131 Extra"]
[Source "ChessBase"]
[SourceDate "2009.09.03"]
[SourceVersion "2"]
[SourceVersionDate "2009.09.16"]
[SourceQuality "1"]

1. e4 e5 2. Nf3 Nf6 3. Nxe5 d6 4. Nf3 Nxe4 5. Nc3 Nxc3 6. dxc3 Be7 7. Bf4 a6 8. Qd2 Nc6 9. Bd3 Be6 10. Ng5 Bxg5 11. Bxg5 Qd7 12. 0-0 0-0 13. f4 Bf5 14. Rae1 f6 15. Bh4 Rae8 16. h3 Ne7 17. c4 Bg6 18. Bf2 Bf7 19. b3 c6 20. Be4 b5 21. cxb5 axb5 22. a4 bxa4 23. bxa4 Ra8 24. Ra1 Rfb8 25. Rfd1 d5 26. Bd3 Nc8 27. a5 Qc7 28. Qc3 Be8 29. g3 Nd6 30. a6 Nb5 31. Qc5 Qc8 32. a7 Rb7 33. c4 dxc4 34. Bxc4+ Bf7 35. Bxf7+ Rxf7 36. Rd2 Rd7 37. Rxd7 Qxd7 38. Qb6 Qc8 39. Kg2 Nd6 40. Bc5 Nb7 41. Bf2 Nd8 42. Qb3+ Kh8 43. Rb1 c5 44. Qb8 Qc6+ 45. Kh2 Qf3 46. Qxa8 Qxa8 47. Rb8 1-0

[Event "Moscow Dvorkovich Cup U16 4th"]
[Site "Moscow"]
[Date "2009.06.23"]
[Round "8"]
[White "Butuc, Maria"]
[Black "Shakryan, Zozan"]
[Result "1/2-1/2"]
[WhiteElo "2170"]
[BlackElo "1973"]
[PlyCount "85"]
[EventDate "2009.06.20"]
[EventType "team-tourn"]
[EventRounds "14"]
[EventCountry "RUS"]
[SourceTitle "CBM 131 Extra"]
[Source "ChessBase"]
[SourceDate "2009.09.03"]
[SourceVersion "2"]
[SourceVersionDate "2009.09.16"]
[SourceQuality "1"]

1. Nf3 d5 2. d4 Nf6 3. c4 e6 4. Nc3 Nbd7 5. e3 c6 6. Qc2 Bd6 7. b3 0-0 8. Be2 dxc4 9. bxc4 e5 10. 0-0 Re8 11. Rd1 Qe7 12. Rb1 b6 13. Bb2 exd4 14. exd4 Nf8 15. Re1 Qc7 16. Bd3 Bg4 17. Ne5 Bh5 18. h3 Ne6 19. Ne4 Nxe4 20. Bxe4 Nxd4 21. Bxd4 Bxe5 22. Bxe5 Rxe5 23. Bxh7+ Kh8 24. Rxe5 Qxe5 25. Be4 Re8 26. f3 Qc5+ 27. Kh1 f6 28. Bg6 Bxg6 29. Qxg6 Qe5 30. Rd1 Qe7 31. h4 Rd8 32. Rxd8+ Qxd8 33. Qe4 Qd1+ 34. Kh2 Qd6+ 35. Kh3 Qd7+ 36. g4 c5 37. h5 Qd1 38. Kg3 Qd6+ 39. f4 Qd1 40. Qe8+ Kh7 41. Qg6+ Kh8 42. Qe8+ Kh7 43. Qe4+ 1/2-1/2

[Event "Wch U16 Girls"]
[Site "Vung Tau"]
[Date "2008.10.21"]
[Round "2"]
[White "Hohluka, Arina"]
[Black "Shakryan, Zozan"]
[Result "0-1"]
[WhiteElo "1648"]
[BlackElo "1899"]
[PlyCount "106"]
[EventDate "2008.10.20"]
[EventType "swiss"]
[EventRounds "11"]
[EventCountry "VIE"]
[SourceTitle "EXT 2009"]
[Source "ChessBase"]
[SourceDate "2008.11.26"]
[SourceVersion "1"]
[SourceVersionDate "2008.11.26"]
[SourceQuality "1"]

1. d4 Nf6 2. Nf3 b6 3. Bf4 Bb7 4. e3 d6 5. h3 e6 6. Bd3 Be7 7. 0-0 Nbd7 8. Nbd2 0-0 9. Bh2 c5 10. c3 Rc8 11. Rc1 Re8 12. Re1 d5 13. Ne5 Nxe5 14. Bxe5 Bd6 15. f4 Ne4 16. Nxe4 dxe4 17. Bb5 Rf8 18. Qa4 a6 19. Be2 Be7 20. dxc5 bxc5 21. Rcd1 Qb6 22. c4 f6 23. Bc3 Bc6 24. Qc2 Qc7 25. Rd2 Bd6 26. Red1 Rfd8 27. Ba5 Qxa5 28. Rxd6 Rxd6 29. Rxd6 Kf7 30. a3 Ke7 31. Rd2 Rb8 32. g4 Ba4 33. Qc1 Qc7 34. Bd1 Bc6 35. Bc2 g5 36. Rg2 gxf4 37. exf4 e3 38. Re2 Qxf4 39. Qxe3 Qxc4 40. Bxh7 Qd4 41. Qxd4 cxd4 42. Kh2 Bf3 43. Rc2 e5 44. Bd3 e4 45. Bxa6 d3 46. Rd2 Be2 47. b4 Ra8 48. Bb7 e3 49. Ra2 d2 50. Bxa8 d1Q 51. Be4 Bc4 52. Rc2 Qxc2+ 53. Bxc2 e2 0-1

[Event "Moscow Dvorkovich Cup U16 3rd"]
[Site "Moscow"]
[Date "2008.07.??"]
[Round "3"]
[White "Bluebaum, Johanna"]
[Black "Shakryan, Zozan"]
[Result "0-1"]
[WhiteElo "1905"]
[BlackElo "1899"]
[PlyCount "66"]
[EventDate "2008.07.??"]
[EventType "team-tourn"]
[EventRounds "12"]
[EventCountry "RUS"]
[SourceTitle "CBM 125 Extra"]
[Source "ChessBase"]
[SourceDate "2008.09.01"]
[SourceVersion "1"]
[SourceVersionDate "2008.09.01"]
[SourceQuality "1"]

1. d4 Nf6 2. c4 e6 3. Nc3 Bb4 4. f3 d5 5. a3 Bxc3+ 6. bxc3 0-0 7. Bg5 Qe7 8. e4 dxe4 9. fxe4 e5 10. Nf3 Nbd7 11. Bd3 Qe6 12. 0-0 exd4 13. Bxf6 Nxf6 14. e5 Ng4 15. cxd4 Ne3 16. Bxh7+ Kh8 17. Qd3 Nxf1 18. Rxf1 g6 19. Ng5 Qg4 20. Qe3 Kg7 21. h3 Qh4 22. e6 Bxe6 23. Qe5+ Kh6 24. Ne4 Kxh7 25. Nf6+ Kh6 26. Rf4 Qg5 27. Qe4 Kg7 28. h4 Qa5 29. d5 Qb6+ 30. Kh1 Bf5 31. Nh5+ Kh6 32. Rxf5 gxf5 33. Qxf5 Qg6 0-1

[Event "Moscow Dvorkovich Cup U16 3rd"]
[Site "Moscow"]
[Date "2008.07.??"]
[Round "12"]
[White "Shakryan, Zozan"]
[Black "Guo, Qi"]
[Result "0-1"]
[WhiteElo "1899"]
[BlackElo "2048"]
[PlyCount "82"]
[EventDate "2008.07.??"]
[EventType "team-tourn"]
[EventRounds "12"]
[EventCountry "RUS"]
[SourceTitle "CBM 125 Extra"]
[Source "ChessBase"]
[SourceDate "2008.09.01"]
[SourceVersion "1"]
[SourceVersionDate "2008.09.01"]
[SourceQuality "1"]

1. e4 e6 2. d4 d5 3. exd5 exd5 4. Bd3 Bd6 5. c3 Nf6 6. h3 0-0 7. Nf3 Re8+ 8. Be2 h6 9. 0-0 Ne4 10. Bd3 Nd7 11. Be3 Ndf6 12. Nbd2 c6 13. Qc2 Bf5 14. Rfe1 Rc8 15. b3 Kh8 16. c4 g5 17. c5 Bb8 18. Ne5 Rxe5 19. dxe5 Bxe5 20. Rad1 Bh7 21. Nf3 Bb8 22. Bd4 Kg8 23. Ne5 Qe7 24. Qb2 Re8 25. Nf3 Nh5 26. Bb1 f5 27. Nd2 Qc7 28. Nf1 Rf8 29. f3 Nhg3 30. fxe4 fxe4 31. Bf2 Nxf1 32. g3 Nxg3 33. Bxg3 Qxg3+ 34. Qg2 Rf3 35. Re2 Qxg2+ 36. Rxg2 Rxh3 37. Rf1 Be5 38. Re2 Bf4 39. b4 Bf5 40. a4 Bg4 41. Ree1 Bf3 0-1

[Event "Moscow Dvorkovich Cup U16 3rd"]
[Site "Moscow"]
[Date "2008.07.??"]
[Round "9"]
[White "Shakryan, Zozan"]
[Black "Homiakova, Elena"]
[Result "0-1"]
[WhiteElo "1899"]
[BlackElo "2078"]
[PlyCount "126"]
[EventDate "2008.07.??"]
[EventType "team-tourn"]
[EventRounds "12"]
[EventCountry "RUS"]
[SourceTitle "CBM 125 Extra"]
[Source "ChessBase"]
[SourceDate "2008.09.01"]
[SourceVersion "1"]
[SourceVersionDate "2008.09.01"]
[SourceQuality "1"]

1. e4 e5 2. Nf3 Nc6 3. Bb5 a6 4. Ba4 Nf6 5. 0-0 Be7 6. Re1 b5 7. Bb3 d6 8. a4 Bb7 9. d3 0-0 10. c3 Nb8 11. Nbd2 Nbd7 12. Bc2 Re8 13. Nf1 Bf8 14. Ne3 g6 15. b4 c6 16. Bb2 Qc7 17. Qd2 Bg7 18. c4 d5 19. exd5 cxd5 20. cxd5 Nxd5 21. Bd1 Qd6 22. Nxd5 Qxd5 23. Nh4 Nf8 24. Bf3 Qd7 25. Bxb7 Qxb7 26. axb5 axb5 27. Rxa8 Qxa8 28. Nf3 Qd5 29. h3 f6 30. Qc2 Ne6 31. d4 Nf4 32. dxe5 fxe5 33. Rd1 Qc4 34. Qd2 Qf7 35. Qe3 Qe7 36. Qb3+ Qf7 37. Qxf7+ Kxf7 38. Ng5+ Kg8 39. Ne4 Ne2+ 40. Kf1 Nd4 41. Rc1 Rd8 42. Ke1 Bf8 43. Nc5 Kf7 44. Bc3 Rc8 45. Bxd4 exd4 46. Kd2 Bxc5 47. bxc5 Ke6 48. Kd3 Kd5 49. c6 Rxc6 50. Rxc6 Kxc6 51. Kxd4 Kd6 52. f4 Ke6 53. g4 Kd6 54. f5 gxf5 55. gxf5 h6 56. f6 Ke6 57. Kc5 Kxf6 58. Kxb5 Kg5 59. Kc5 Kh4 60. Kd4 Kxh3 61. Ke3 Kg3 62. Ke2 Kg2 63. Ke3 h5 0-1

[Event "Moscow Dvorkovich Cup U16 3rd"]
[Site "Moscow"]
[Date "2008.07.??"]
[Round "5"]
[White "Shakryan, Zozan"]
[Black "Muzychuk, Mariya"]
[Result "0-1"]
[WhiteElo "1899"]
[BlackElo "2413"]
[PlyCount "86"]
[EventDate "2008.07.??"]
[EventType "team-tourn"]
[EventRounds "12"]
[EventCountry "RUS"]
[SourceTitle "CBM 125 Extra"]
[Source "ChessBase"]
[SourceDate "2008.09.01"]
[SourceVersion "1"]
[SourceVersionDate "2008.09.01"]
[SourceQuality "1"]

1. e4 c5 2. Nf3 e6 3. d4 cxd4 4. Nxd4 a6 5. Nc3 b5 6. a3 Bb7 7. Bd3 d6 8. 0-0 Nf6 9. Be3 Be7 10. f4 Nbd7 11. Qe2 0-0 12. Rad1 Rc8 13. Bf2 Qc7 14. Rfe1 Nc5 15. Kh1 Rfd8 16. Qf3 Rd7 17. Qh3 Rcd8 18. Bh4 Nxd3 19. cxd3 Qb6 20. Nc2 a5 21. Qf3 d5 22. Bf2 Qa6 23. Nd4 dxe4 24. dxe4 b4 25. Ncb5 Nxe4 26. Rxe4 f5 27. Rxe6 Qxe6 28. Qg3 Qf7 29. Re1 Be4 30. Nf3 Bf6 31. Ne5 Bxe5 32. fxe5 Rd3 33. Qh4 Bxg2+ 34. Kg1 Be4 35. Nd6 Qg6+ 36. Bg3 Rf8 37. Qf4 Rf3 38. Qh4 bxa3 39. bxa3 Bd5 40. Rd1 f4 41. Rxd5 fxg3 42. Qc4 gxh2+ 43. Kxh2 Qg3+ 0-1

[Event "Wch U12 Girls"]
[Site "Belfort"]
[Date "2005.07.26"]
[Round "8"]
[White "Baciu, Diana"]
[Black "Shakryan, Zozan"]
[Result "0-1"]
[WhiteElo "1849"]
[BlackElo "1599"]
[PlyCount "78"]
[EventDate "2005.07.19"]
[EventType "swiss"]
[EventRounds "11"]
[EventCountry "FRA"]
[SourceTitle "CBM 107 Extra"]
[Source "ChessBase"]
[SourceDate "2005.09.01"]
[SourceVersion "1"]
[SourceVersionDate "2005.09.01"]
[SourceQuality "1"]

1. e4 c5 2. Nc3 d6 3. f4 Nf6 4. Nf3 a6 5. d3 b5 6. g3 Bb7 7. Bg2 e6 8. 0-0 Be7 9. Ne2 0-0 10. c3 c4 11. e5 Qb6+ 12. d4 Nd5 13. Kh1 Nc6 14. g4 dxe5 15. fxe5 a5 16. Nf4 Na7 17. Nxd5 Bxd5 18. Be3 Qb7 19. Qd2 b4 20. Ne1 Nb5 21. Bxd5 Qxd5+ 22. Ng2 f6 23. exf6 Bxf6 24. Kg1 bxc3 25. bxc3 e5 26. g5 Be7 27. a4 Nd6 28. dxe5 Qxe5 29. h4 Ne4 30. Qd4 Qe6 31. Rac1 Ng3 32. Rxf8+ Rxf8 33. Qd2 Qh3 34. Qd5+ Kh8 35. Nf4 Ne2+ 36. Kf2 Nxf4 37. Bxf4 Rxf4+ 38. Ke2 Qh2+ 39. Ke3 Qf2# 0-1

[Event "Wch U12 Girls"]
[Site "Belfort"]
[Date "2005.07.26"]
[Round "9"]
[White "Capelo, Paola"]
[Black "Shakryan, Zozan"]
[Result "1-0"]
[WhiteElo "1599"]
[BlackElo "1599"]
[PlyCount "117"]
[EventDate "2005.07.19"]
[EventType "swiss"]
[EventRounds "11"]
[EventCountry "FRA"]
[SourceTitle "CBM 107 Extra"]
[Source "ChessBase"]
[SourceDate "2005.09.01"]
[SourceVersion "1"]
[SourceVersionDate "2005.09.01"]
[SourceQuality "1"]

1. e4 c5 2. Nc3 Nc6 3. f4 d6 4. Nf3 g6 5. g3 Bg7 6. Bg2 e6 7. 0-0 Nge7 8. Kh1 0-0 9. Ne2 f5 10. d3 Rb8 11. Rb1 b5 12. Be3 Bb7 13. e5 Nd5 14. Bf2 Qe7 15. d4 cxd4 16. exd6 Qxd6 17. Nfxd4 Nxd4 18. Nxd4 a6 19. Nf3 Qe7 20. Qe2 Nc7 21. Rfe1 Bd5 22. b3 Bc3 23. Red1 Rbd8 24. Rd3 Kg7 25. Rbd1 b4 26. Bb6 Rb8 27. Bf2 Rfe8 28. Ng5 Bxg2+ 29. Kxg2 Rbd8 30. Rxd8 Rxd8 31. Rxd8 Qxd8 32. Nf3 Qd6 33. Qc4 a5 34. Qc5 Qxc5 35. Bxc5 Nd5 36. Nd2 e5 37. fxe5 Bxe5 38. Nc4 Bc7 39. a3 Kf7 40. Kf3 Ke6 41. axb4 axb4 42. Ne3 Nxe3 43. Kxe3 Bd6 44. Kd4 g5 45. Bxd6 Kxd6 46. h3 h5 47. c3 bxc3 48. Kxc3 Kc5 49. b4+ Kb5 50. Kd4 g4 51. hxg4 fxg4 52. Ke4 Kxb4 53. Kf4 Kc5 54. Kg5 Kd6 55. Kxh5 Ke6 56. Kxg4 Kf6 57. Kh5 Kg7 58. Kg5 Kg8 59. Kg6 1-0

[Event "Wch U12 Girls"]
[Site "Belfort"]
[Date "2005.07.24"]
[Round "6"]
[White "Lolici, Iselin Amanda"]
[Black "Shakryan, Zozan"]
[Result "1-0"]
[WhiteElo "2049"]
[BlackElo "1599"]
[PlyCount "93"]
[EventDate "2005.07.19"]
[EventType "swiss"]
[EventRounds "11"]
[EventCountry "FRA"]
[SourceTitle "CBM 107 Extra"]
[Source "ChessBase"]
[SourceDate "2005.09.01"]
[SourceVersion "1"]
[SourceVersionDate "2005.09.01"]
[SourceQuality "1"]

1. c4 e6 2. g3 d5 3. Bg2 c6 4. Qc2 Nf6 5. Nf3 Bd6 6. 0-0 0-0 7. b3 dxc4 8. bxc4 Nbd7 9. Bb2 Qc7 10. Nc3 b6 11. Ne4 Be7 12. Nfg5 Nxe4 13. Nxe4 e5 14. Nc3 Bb7 15. d3 f5 16. Qb3 Kh8 17. a4 Nf6 18. Ba3 Bxa3 19. Qxa3 f4 20. a5 c5 21. Rfb1 Bxg2 22. Kxg2 Qc6+ 23. f3 Nh5 24. axb6 axb6 25. Qb3 Rxa1 26. Rxa1 fxg3 27. hxg3 Qg6 28. Ne4 Nf4+ 29. Kf2 Nh5 30. Ra6 Rb8 31. Qa4 h6 32. Qd7 Nf6 33. Nxf6 gxf6 34. Qd6 Rg8 35. g4 Qg5 36. Rxb6 Qh4+ 37. Kf1 Qh1+ 38. Kf2 Qh2+ 39. Ke1 Qg3+ 40. Kd2 Qf4+ 41. Kd1 Rxg4 42. fxg4 Qf1+ 43. Kd2 Qf4+ 44. Kc2 Qxg4 45. Qxf6+ Kg8 46. Rb8+ Kh7 47. Rh8# 1-0

[Event "Wch U12 Girls"]
[Site "Belfort"]
[Date "2005.07.20"]
[Round "2"]
[White "Castro, Natalia Patricia"]
[Black "Shakryan, Zozan"]
[Result "0-1"]
[WhiteElo "1599"]
[BlackElo "1599"]
[PlyCount "114"]
[EventDate "2005.07.19"]
[EventType "swiss"]
[EventRounds "11"]
[EventCountry "FRA"]
[SourceTitle "CBM 107 Extra"]
[Source "ChessBase"]
[SourceDate "2005.09.01"]
[SourceVersion "1"]
[SourceVersionDate "2005.09.01"]
[SourceQuality "1"]

1. e4 c5 2. c3 d6 3. d4 cxd4 4. cxd4 Nf6 5. Nc3 a6 6. a3 Nc6 7. Bc4 e6 8. Nf3 b5 9. Bb3 Bb7 10. 0-0 Be7 11. Be3 Na5 12. Nd2 Nxb3 13. Qxb3 0-0 14. a4 Rb8 15. axb5 axb5 16. d5 b4 17. Nd1 exd5 18. Ba7 Ra8 19. Qxb4 Qd7 20. exd5 Nxd5 21. Qa3 Nf4 22. Ne3 d5 23. Qa4 Qxa4 24. Rxa4 d4 25. Nf5 Bf6 26. f3 Bc6 27. Raa1 Rfe8 28. Ng3 d3 29. Nc4 Rxa7 30. Rxa7 Bd4+ 31. Kh1 Bxa7 32. b4 Rd8 33. Nf5 Kf8 34. Ra1 Bf2 35. Nfd6 d2 36. Rd1 Be1 37. b5 Ba8 38. Ra1 Bd5 39. Nxd2 Bxd2 40. Nf5 Rb8 41. Rb1 g6 42. Nh6 Nxg2 43. Nxf7 Bxf3 44. Ne5 Be4 45. Nd7+ Kg7 46. Rb2 Nf4+ 47. Kg1 Be3+ 48. Kf1 Bg2+ 49. Ke1 Nd3+ 50. Ke2 Nxb2 51. Nxb8 Bf4 52. Nd7 Bxh2 53. Nc5 h5 54. b6 Nc4 55. b7 Na5 56. b8Q Bxb8 57. Nd7 Bd6 0-1